[Event "TUR-ch op"]
[Site "Antalya"]
[Date "2008.02.07"]
[Round "6.52"]
[White "Araboga, Mesut"]
[Black "Sahin, Senol"]
[Result "0-1"]
[WhiteElo "1603"]
[BlackElo "1900"]
[PlyCount "94"]
[EventDate "2008.02.04"]
[EventType "swiss"]
[EventRounds "11"]
[EventCountry "TUR"]
[SourceTitle "CBM 122 Extra"]
[Source "ChessBase"]
[SourceDate "2008.03.04"]
[SourceVersion "1"]
[SourceVersionDate "2008.03.04"]
[SourceQuality "1"]

1. d4 Nf6 2. c4 e6 3. Nf3 d5 4. g3 Be7 5. Nc3 0-0 6. cxd5 exd5 7. Bg2 c6 8. 0-0 Nbd7 9. Bf4 Re8 10. Qc2 Nf8 11. Rfe1 Ng6 12. Bd2 Bd6 13. e3 Ne4 14. Nxe4 dxe4 15. Ne5 f5 16. f4 exf3 17. Nxf3 Be6 18. e4 fxe4 19. Rxe4 Bd5 20. Rxe8+ Qxe8 21. Re1 Qd7 22. Ne5 Bxe5 23. dxe5 Bxg2 24. Kxg2 Qd5+ 25. Re4 Nxe5 26. Bc3 Nf7 27. Kf1 Ng5 28. Re5 Rf8+ 29. Ke2 Qc4+ 30. Kd1 Rf1+ 31. Re1 Nf3 32. Qe2 Qxe2+ 33. Kxe2 Rxe1+ 34. Bxe1 Nxe1 35. Kxe1 Kf7 36. Kf2 Ke6 37. Ke3 Ke5 38. h3 h5 39. a3 a5 40. Kd3 b5 41. Ke3 c5 42. Kd3 c4+ 43. Kc3 Ke4 44. a4 bxa4 45. Kxc4 Kf3 46. Kb5 a3 47. bxa3 Kxg3 0-1